Представление документа в формате RUSMARC

ПолеНазваниеЗначение
  Тип записи a
  Библиографический уровень c
001 Контрольный номер 5b949e1f659f4211a1e0a7ce8bb49926
005 Дата корректировки 20201206205206.7
010 Индекс ISBN __
a ISBN 978-5-91187-307-3 (в пер.)
d Цена 385-04, 1000 экз.
100 Данные общей обработки __
a Данные общей обработки 19190702d2018||||||| 0rusy0189 ca
101 Язык документа 0_
a Язык текста rus
102 Страна публикации __
a Страна публикации ru
102 Страна публикации __
a Страна публикации RU
105 Кодированные данные (монография) __
a Кодированные данные (монография) #|||||||000zy
200 Заглавие и сведения об ответственности 1_
a Заглавие Головокружение в конце лета
e Сведения, относящиеся к заглавию [повесть, роман]
f Первые сведения об ответственности Валерий Лонской
b Общее обозначение материала Текст
210 Выходные данные __
a Место издания Москва
c Издательство Бослен
d Дата издания 2018
215 Физическое описание __
a Объем 573, [2] с.
d Формат 21 см
327 Примечание о содержании __
a Примечание о содержании Полет Бердникова
330 Аннотация __
a Аннотация В новой книге известного кинорежиссера, сценариста и писателя Валерия Лонского представлены повесть "Головокружение в конце лета", с героем которой Егором Иконниковым многие читатели уже знакомы по фильму "Белый ворон" и роман "Полет Бердникова". Проза Валерия Лонского - это острое ощущение времени, внимание к деталям, образный иронический язык. Книга посвящена судьбам незаурядных людей, пытающихся прорвать "заколдованный круг" удивительных и необъяснимых по началу обстоятельств и событий. Автор пытается художественно осмыслить нашу сегодняшнюю действительность, полную противоречий и нравственной сумятицы и через жизненный кризис своих героев показать судьбу нашего общества, где человеку требуется немало сил и мужества, чтобы сохранить себя.
333 Примечание о целевом назначении __
a Примечание о целевом назначении 16+. Для детей старше 16 лет
606 Тематические рубрики __
a Основная рубрика Художественная литература
606 Тематические рубрики __
a Основная рубрика Современная русская литература (произведения)
610 Ключевые слова __
a Ключевые слова романы
610 Ключевые слова __
a Ключевые слова современная проза
610 Ключевые слова __
a Ключевые слова современная литература
610 Ключевые слова __
a Ключевые слова повести
610 Ключевые слова __
a Ключевые слова тема жизни человека
610 Ключевые слова __
a Ключевые слова тема иронии
610 Ключевые слова __
a Ключевые слова ироническая проза
610 Ключевые слова __
a Ключевые слова тема личности
686 Индексы других классификаций __
2 Код системы rubbks
a Классификационный индекс 84(2=411.2)6-4; ст84(2=411.2)6-4
700 Автор _1
a Фамилия Лонской
b Имя В. Я.
f Даты 1941-
g Полное личное имя Валерий Яковлевич
4 Код отношения 070
801 Источник записи _2
a Страна ru
b Организация Муниципальное бюджетное учреждение культуры "Централизованная библиотечная система" г. Сургут (Центральная городская библиотека им. А. С. Пушкина)
c Дата составления 20190702
852 Данные о местонахождении __
j Шифр хранения 84(2=411.2)6-4
i Авторский знак Л 76
901 Тип документа __
a Ответственный КиК/Мамарузиева
t Тип документа x
903 Характеристики (МАРС) __
a Дата передачи 20190702
990 Данные о заказе (DOS) __
j Количество экземпляров (DOS) 4
t N записи в КСУ для И/У (DOS) 201907